Statistics for Ultimate Beastmaster Level 1

Click here to take the quiz!

General Stats

  • This quiz has been taken 3 times
  • The average score is 2 of 6

Answer Stats

HintAnswer% Correct
Faceplant
100%
Gear Head
33%
Season 1 ObstaclesLock Jaw
33%
Mag Wall
33%
The Pyramid of Hyper Jump
0%
The Rack
0%

Score Distribution

Percentile by Number Answered

Percent of People with Each Score

Your Score History

You have not taken this quiz